<?xml version="1.0" encoding="UTF-8"?>
<collection xmlns="http://www.loc.gov/MARC21/slim">
  <record>
    <leader>00000nam  2200000   4500</leader>
    <controlfield tag="001">INLIS000000000047914</controlfield>
    <controlfield tag="005">20200317104651</controlfield>
    <datafield tag="035" ind1="#" ind2="#">
      <subfield code="a">0010-031600000000027</subfield>
    </datafield>
    <controlfield tag="008">200317################g##########0#ind##</controlfield>
    <datafield tag="020" ind1="#" ind2="#">
      <subfield code="a">3-7271-0146-6</subfield>
    </datafield>
    <datafield tag="040" ind1="#" ind2="#">
      <subfield code="a">NBPDMAT</subfield>
    </datafield>
    <datafield tag="082" ind1="#" ind2="#">
      <subfield code="a">240</subfield>
    </datafield>
    <datafield tag="090" ind1="#" ind2="#">
      <subfield code="a">240</subfield>
      <subfield code="b">Tra e</subfield>
    </datafield>
    <datafield tag="100" ind1="#" ind2="#">
      <subfield code="a">Moral kristiani</subfield>
    </datafield>
    <datafield tag="245" ind1="1" ind2="#">
      <subfield code="a">Errecht jeder christ das himmlische ziel ? / Ernest Trachsel-Pauli /</subfield>
      <subfield code="c">Ernest Trachsel-Pauli</subfield>
    </datafield>
    <datafield tag="260" ind1="#" ind2="#">
      <subfield code="a">Germany :</subfield>
      <subfield code="b">Trachsel,</subfield>
      <subfield code="c">1994</subfield>
    </datafield>
    <datafield tag="300" ind1="#" ind2="#">
      <subfield code="a">112 hlm ;</subfield>
      <subfield code="c">11 x 18 cm</subfield>
    </datafield>
    <datafield tag="650" ind1="#" ind2="4">
      <subfield code="a">Moral-Kristiani</subfield>
    </datafield>
    <datafield tag="850" ind1="#" ind2="#">
      <subfield code="a">NBPDMAT</subfield>
    </datafield>
    <datafield tag="084" ind1="#" ind2="#">
      <subfield code="a">240 TRA e</subfield>
    </datafield>
    <datafield tag="990" ind1="#" ind2="#">
      <subfield code="a">31500707</subfield>
    </datafield>
  </record>
</collection>
